Аналитический тип нотации народных песен учебно-методическое пособие по дисциплине «расшифровка русских народных песен» для студентов заочного отделения, обучающихся по направлению 51.03.02 «народная художественная культура»; по дисциплине «расшифровка записей народных песен» для студентов очного и заочного отделения, обучающихся по направлению 53.03.04 «искусство народного пения»
Пособие представляет собой собрание учебно-методических материалов по расшифровке записей народных песен. Издание предназначено для студентов ЮУрГИИ им. П. И. Чайковского, изучающих такие дисциплины, как «Расшифровка русских народных песен», «Расшифровка записей народных песен». Оно призвано помочь...
Kaydedildi:
| Materyal Türü: | Книга |
|---|---|
| Dil: | Russian |
| Baskı/Yayın Bilgisi: |
Челябинск
ЮУрГИИ
2017
|
| Online Erişim: | https://e.lanbook.com/book/201113 https://e.lanbook.com/img/cover/book/201113.jpg |
| Etiketler: |
Etiketle
Etiket eklenmemiş, İlk siz ekleyin!
|
| LEADER | 02581nam0a2200241 i 4500 | ||
|---|---|---|---|
| 001 | 201113 | ||
| 003 | RuSpLAN | ||
| 005 | 20221220174143.0 | ||
| 008 | 221220s2017 ru gs 000 0 rus | ||
| 040 | |a RuSpLAN | ||
| 041 | 0 | |a rus | |
| 044 | |a ru | ||
| 080 | |a 781.24 | ||
| 084 | |a 85.310 |2 rubbk | ||
| 245 | 0 | 0 | |a Аналитический тип нотации народных песен |b учебно-методическое пособие по дисциплине «расшифровка русских народных песен» для студентов заочного отделения, обучающихся по направлению 51.03.02 «народная художественная культура»; по дисциплине «расшифровка записей народных песен» для студентов очного и заочного отделения, обучающихся по направлению 53.03.04 «искусство народного пения» |
| 260 | |a Челябинск |b ЮУрГИИ |c 2017 | ||
| 300 | |a 52 с. | ||
| 504 | |a Библиогр.: доступна в карточке книги, на сайте ЭБС Лань | ||
| 520 | 8 | |a Пособие представляет собой собрание учебно-методических материалов по расшифровке записей народных песен. Издание предназначено для студентов ЮУрГИИ им. П. И. Чайковского, изучающих такие дисциплины, как «Расшифровка русских народных песен», «Расшифровка записей народных песен». Оно призвано помочь обучающимся в освоении основ музыкально-поэтического анализа и нотирования народных песен в соответствии с законами аналитической графики. Данное пособие снабжено подробными методическими указаниями к выполнению нотации аналитического типа и содержит все необходимые для этого справочные материалы. | |
| 521 | 8 | |a Книга из коллекции ЮУрГИИ - Музыка и театр | |
| 856 | 4 | |u https://e.lanbook.com/book/201113 | |
| 856 | 4 | 8 | |u https://e.lanbook.com/img/cover/book/201113.jpg |
| 953 | |a https://e.lanbook.com/img/cover/book/201113.jpg | ||